|
|
|
|
| LEADER |
00848nam a22002291a 4500 |
| 020 |
|
|
|c 0.00
|
| 040 |
|
|
|a SSUS - Library - Kalady
|
| 082 |
|
|
|a M 342.066 7
|b GOP/O
|
| 100 |
|
|
|a Gopinathan Nair G
|
| 245 |
|
|
|a Ombudsman
|h [Text]
|
| 260 |
|
|
|a Thiruvananthapuram
|b Kerala Bhasha Institute
|c 2000
|
| 300 |
|
|
|a 69p.
|
| 600 |
|
|
|a Law
|
| 600 |
|
|
|a Ombudsman
|
| 600 |
|
|
|a Social Sciences
|
| 852 |
|
|
|h M 342.066 7
|i GOP/O
|p 024876
|9 40.00
|t 0
|
| 852 |
|
|
|h M 342.066 7
|i GOP/O
|p 024991
|9 40.00
|t 0
|
| 942 |
|
|
|c BK
|
| 942 |
|
|
|c BK
|
| 999 |
|
|
|c 32143
|d 32143
|
| 952 |
|
|
|0 0
|1 0
|4 0
|6 M_342_066000000000000_7_GOP_O
|7 0
|9 46577
|a SSUS
|b SSUS
|d 2015-01-08
|g 40.00
|o M 342.066 7 GOP/O
|p 024876
|r 2015-01-08
|v 0.00
|w 2015-01-08
|y BK
|
| 952 |
|
|
|0 0
|1 0
|4 0
|6 M_342_066000000000000_7_GOP_O
|7 0
|9 46578
|a SSUS
|b SSUS
|d 2015-01-08
|g 40.00
|o M 342.066 7 GOP/O
|p 024991
|r 2015-01-08
|v 0.00
|w 2015-01-08
|y BK
|